000 00251nam a2200097Ia 4500
008 240331s9999 xx 000 0 und d
082 _bSPI
100 _aSpivak , G.C
245 4 _aThe post-colonial critic :
_binterviews, strategies, dialogues
942 _cL
999 _c2146
_d2146